000 00706nam a22002057a 4500
999 _c175155
_d175155
005 20200811130639.0
010 _aENG-128338
020 _c499.00
_a9789353946944
035 _aEN-111870
037 _bDBAD/PUB
082 _a510
245 _aCBSE Expert Question Bank Mathematics Standard/
_cedited by Biswajit Das, Sonal Jain and Ashi Jain
260 _aNew Delhi
_bPearson
_c2021
270 _a15th floor,Tower-B,Word Trade Tower,Plot no.1,Block-C sec 16,
_bNoida
_e201301
_k04466540100
_mcompanysecretary.india@pearson.com
300 _avarious pages.
_c24cm(pbk)
700 _aDas,Biswajit
700 _a Jain, Sonal
700 _a Jain, Ashi
942 _2ddc
_cEN
_h510
_mCBS